Harry Potter Chapter Art Match Quiz Stats

 Plays Quiz Updated Jun 1, 2020

Support Sporcle.
Go Orange.
Score 0/20 Timer 05:00
0 Plays Today
% Correct
Aunt Marge’s Big Mistake
86.9%
The Boy Who Lived
86.9%
The Dursleys Departing
70.3%
Shell Cottage
69.9%
Grim Defeat
68.7%
The Only One He Ever Feared
68.6%
The Advance Guard
67.4%
The Burrow
66.8%
Elf Tails
65.6%
The Riddle House
60.4%
% Correct
Out of the Fire
56.1%
Spinner’s End
51.7%
The Wedding
47.6%
The Yule Ball
40.3%
The Madness of Mr Crouch
34%
Dobby’s Reward
33.3%
Nicholas Flamel
27.7%
The Secret Riddle
24.2%
The Servant of Lord Voldemort
21.4%
St Mungo's Hospital for Magical Maladies and Injuries
21.1%

You're not logged in!

Compare scores with friends on all Sporcle quizzes.
OR
Log In

From the Vault

Firefly Characters

by kingofdanger

You can't take the sky from me...
Remove Ads.
Support Sporcle.
Get the best of Sporcle when you Go Orange. This ad-free experience offers more features, more stats, and more fun while also helping to support Sporcle. Thank you for becoming a member.

Show Comments

Extras

Top Quizzes Today


Score Distribution

Your Account Isn't Verified!

In order to create a playlist on Sporcle, you need to verify the email address you used during registration. Go to your Sporcle Settings to finish the process.

Report this User

Report this user for behavior that violates our Community Guidelines.

Details: